Entry Nombre personal
001 - NÚMERO DE CONTROL
- campo de control: 99280
003 - IDENTIFICADOR DE NÚMERO DE CONTROL
- campo de control: SpMaBN
005 - FECHA Y HORA DE LA ÚLTIMA TRANSACCIÓN
- campo de control: 20231227140607.0
008 - ELEMENTOS DE DATO DE LONGITUD-FIJA
- campo de control de longitud fija: 901120nn aijnnaabn a aaa
016 ## - NÚMERO DE CONTROL DE UNA AGENCIA BIBLIOGRÁFICA NACIONAL
- Número de control del registro: BNE19900155540
024 7# - IDENTIFICADOR DE OTROS ESTÁNDARES
- Número estándar o código: http://viaf.org/viaf/54883118/
- Fuente: viaf
024 8# - IDENTIFICADOR DE OTROS ESTÁNDARES
- Número estándar o código: https://data.cervantesvirtual.com/person/2571
024 7# - IDENTIFICADOR DE OTROS ESTÁNDARES
- Número estándar o código: https://isni.org/isni/0000000077292612
- Fuente: isni
024 7# - IDENTIFICADOR DE OTROS ESTÁNDARES
- Número estándar o código: http://www.wikidata.org/entity/Q9016623
- Fuente: wikidata
040 ## - FUENTE DE CATALOGACIÓN
- Centro catalogador/agencia de origen: SpMaBN
- Lengua de catalogación: spa
- Centro/agencia transcriptor: SpMaBN
- Normas de descripción: rdc
- Convención/Normas de encabezamiento de materia/tesauro: embne
046 ## - FECHAS CON CODIFICACIÓN ESPECIAL
- Fecha de nacimiento: 1813
- Fecha de la muerte: 1868
100 1# - ENCABEZAMIENTO-NOMBRE DE PERSONA
- Nombre de persona: Romea, Julián,
- Fechas asociadas al nombre: 1813-1868
370 ## - LUGAR ASOCIADO
- Lugar de nacimiento: Murcia
- Número de control del registro de autoridad o número normalizado: XX450545
- Fuente de información: Wikidata
373 ## - GRUPO ASOCIADO
- Grupo asociado: Ateneo de Madrid
- Fuente de información: Galería de Retratos (2018)
374 ## - OCUPACIÓN
- Ocupación: Actores
- Fuente de información: Wikidata
375 ## - GÉNERO/SEXO
- Género: Masculino
- Fuente de información: Wikidata
377 ## - IDIOMA ASOCIADO
- Término de lengua/lenguaje: Español
400 1# - TRAZADO DE VÉASE--NOMBRE DE PERSONA
- Nombre de persona: Romea y Yanguas, Julián,
- Fechas asociadas al nombre: 1813-1868
400 1# - TRAZADO DE VÉASE--NOMBRE DE PERSONA
- Nombre de persona: Romea Yanguas, Julián,
- Fechas asociadas al nombre: 1813-1868
400 1# - TRAZADO DE VÉASE--NOMBRE DE PERSONA
- Nombre de persona: Romea, J.,
- Fechas asociadas al nombre: 1813-1868
670 ## - FUENTE DE DATOS ENCONTRADOS
- Cita de la fuente: Los héroes en el teatro, 1966
670 ## - FUENTE DE DATOS ENCONTRADOS
- Cita de la fuente: Palau
- Información encontrada: (Romea, Julián)
670 ## - FUENTE DE DATOS ENCONTRADOS
- Cita de la fuente: Espasa
- Información encontrada: (Romea Yanguas, Julián; actor y literato español; n. en Aldea de San Juan, Murcia el 16 de feb. de 1813, m. en Loeches el 10 de ag. de 1868)
670 ## - FUENTE DE DATOS ENCONTRADOS
- Cita de la fuente: Dic. de literatura española e hispanoamericana, 1993
- Información encontrada: (Romea, Julián; Aldea de San Juan, 1818-Madrid, 1863)
678 ## - DATOS BIOGRÁFICOS O HISTÓRICOS
- Datos biográficos o históricos: Socio del Ateneo de Madrid
- Ampliación de la nota: Fuente: Galería de Retratos (2018)
